Realidad militar y política en Venezuela: tres aportes anglosajones a su estudio /

Збережено в:
Бібліографічні деталі
Автор: Irwin G, Domingo
Формат: Текст
Предмети:
Теги: Додати тег
Немає тегів, Будьте першим, хто поставить тег для цього запису!

MARC

LEADER 00000 a a2200000 04500
001 8974
003
040
100 |a Irwin G, Domingo  
245 |a Realidad militar y política en Venezuela:   |b tres aportes anglosajones a su estudio /  |c Domingo Irwin G 
650 |a RELACIONES GOBIERNO FUERZAS ARMADAS  
650 |a DOCTRINAS POLITICAS  
650 |a AUTORITARISMO  
650 |a MILITARISMO  
650 |a RESEÑAS BIBLIOGRAFICAS  
773 |g número 187; páginas 61-67  
999 |c 32836  |d 32836